Manual de trabajos prácticos de geometría descriptiva

Bibliographic Details
Main Author: Martin Náger, Andres
Format: Section = Libro
Language:Undetermined
Spanish
Published: La Habana Pueblo y Educación 1980
Subjects:
LEADER 00618nam a2200193Ia 4500
008 240829s9999 xx 000 0 und d
040 |a BIBLIOTECA-RUSB/ 604.201516 M337 
041 |a spa 
082 |a 604.201516 M337 
100 1 |a Martin Náger, Andres  
245 1 0 |a Manual de trabajos prácticos de geometría descriptiva 
260 |a La Habana  |b Pueblo y Educación  |c 1980 
300 |a p. irreg. :il. 
650 7 |a GEOMETRIA DESCRIPTIVA-MANUALES 
650 7 |b  DIBUJO GEOMETRICO 
650 7 |c  INGENIERIA DE DIBUJO. Socorro Antón, Rafael. Domenech Tórres, José 
942 |c BK  |2 ddc 
991 |a TEXTO 
999 |c 2655